| 000 | 00897nam a2200241 a 4500 | ||
|---|---|---|---|
| 001 | 3504 | ||
| 003 | BD-RjUL | ||
| 005 | 20211208233736.0 | ||
| 008 | 131219s1959 enk 001 0 eng d | ||
| 035 | _a(BD-RjUL)3538 | ||
| 040 |
_aBD-RjUL _beng _cBD-RjUL |
||
| 041 | _aeng | ||
| 082 |
_a341.63 _bSII 1959 |
||
| 100 | 1 |
_aSimpson, J. L. _q(John Liddle), _d1912- _911044 |
|
| 245 | 1 | 0 |
_aInternational arbitration : _blaw and practice / _cby J.L. Simpson and Hazel Fox ; published under the auspices of the David Davies Memorial Institute of International Affairs |
| 260 |
_aLondon : _bStevens & Sons, _c1959 |
||
| 300 |
_axx, 330 p. ; _c25 cm |
||
| 504 | _aIncludes index. | ||
| 650 | 0 |
_aArbitration (International law) _911045 |
|
| 700 | 1 |
_aFox, Hazel. _911046 |
|
| 856 | _uhttp://www.worldcat.org/title/international-arbitration-law-and-practice/oclc/505309&referer=brief_results | ||
| 942 |
_2ddc _cBK |
||
| 999 |
_c3504 _d3504 |
||